<?xml version="1.0" encoding="UTF-8"?>
<record
    xmlns:xsi="http://www.w3.org/2001/XMLSchema-instance"
    xsi:schemaLocation="http://www.loc.gov/MARC21/slim http://www.loc.gov/standards/marcxml/schema/MARC21slim.xsd"
    xmlns="http://www.loc.gov/MARC21/slim">

  <leader>00743nam a22001337a 4500</leader>
  <datafield tag="040" ind1=" " ind2=" ">
    <subfield code="c">RUA</subfield>
  </datafield>
  <datafield tag="082" ind1=" " ind2=" ">
    <subfield code="a">AVM HIA 2018 B658 Or.1</subfield>
  </datafield>
  <datafield tag="100" ind1=" " ind2=" ">
    <subfield code="a">HIAK LISY &#x17A0;&#x17C0;&#x1780; &#x200B;&#x179B;&#x17B8;&#x179F;&#x17CA;&#x17B8;</subfield>
  </datafield>
  <datafield tag="245" ind1=" " ind2=" ">
    <subfield code="a">cases on fattening pig disease in van kimsn farm at  touch village; chhuk district; kampot province  &#x1780;&#x179A;&#x178E;&#x17B8;&#x1787;&#x17C6;&#x1784;&#x17BA;&#x1787;&#x17D2;&#x179A;&#x17BC;&#x1780;&#x179F;&#x17B6;&#x1785;&#x17CB;&#x1780;&#x17D2;&#x1793;&#x17BB;&#x1784;&#x179C;&#x1782;&#x17D2;&#x1782;&#x179B;&#x17BC;&#x178F;&#x179B;&#x17B6;&#x179F;&#x17CB;&#x178A;&#x179B;&#x17CB;&#x1796;&#x17B7;&#x1783;&#x17B6;&#x1787;&#x1793;&#x17C5;&#x1780;&#x179F;&#x17B7;&#x178A;&#x17D2;&#x178B;&#x17B6;&#x1793; &#x179C;&#x178E;&#x17D2;&#x178E;&#x200B; &#x1782;&#x17B8;&#x1798;&#x179F;&#x17B6;&#x1793; &#x1797;&#x17BC;&#x1798;&#x17B7;&#x178F;&#x17BC;&#x1785; &#x179F;&#x17D2;&#x179A;&#x17BB;&#x1780;&#x1788;&#x17BC;&#x1780; &#x1781;&#x17C1;&#x178F;&#x17D2;&#x178F;&#x1780;&#x17C6;&#x1796;&#x1780;</subfield>
  </datafield>
  <datafield tag="260" ind1=" " ind2=" ">
    <subfield code="a">rua</subfield>
    <subfield code="b">phnom penh</subfield>
    <subfield code="c">2018 </subfield>
  </datafield>
  <datafield tag="300" ind1=" " ind2=" ">
    <subfield code="a">x;38p</subfield>
    <subfield code="b">ill;</subfield>
    <subfield code="c">29cm </subfield>
  </datafield>
  <datafield tag="856" ind1=" " ind2=" ">
    <subfield code="u">https://drive.google.com/file/d/1G2rECyrndzj572EH5rqavIL626Zvqeax/view?usp=sharing</subfield>
  </datafield>
  <datafield tag="942" ind1=" " ind2=" ">
    <subfield code="c">AVM</subfield>
  </datafield>
  <datafield tag="999" ind1=" " ind2=" ">
    <subfield code="c">18900</subfield>
    <subfield code="d">18900</subfield>
  </datafield>
  <datafield tag="952" ind1=" " ind2=" ">
    <subfield code="0">0</subfield>
    <subfield code="1">0</subfield>
    <subfield code="2">ddc</subfield>
    <subfield code="4">0</subfield>
    <subfield code="6">AVM_HIA_2018_000000000000000_B658_OR</subfield>
    <subfield code="7">0</subfield>
    <subfield code="9">83573</subfield>
    <subfield code="a">LBB</subfield>
    <subfield code="b">LBB</subfield>
    <subfield code="c">B658</subfield>
    <subfield code="d">2020-02-07</subfield>
    <subfield code="o">AVM HIA 2018 B658 Or.</subfield>
    <subfield code="p">A42814</subfield>
    <subfield code="r">2020-02-07</subfield>
    <subfield code="w">2020-02-07</subfield>
    <subfield code="y">AVM</subfield>
  </datafield>
  <datafield tag="952" ind1=" " ind2=" ">
    <subfield code="0">0</subfield>
    <subfield code="1">0</subfield>
    <subfield code="2">ddc</subfield>
    <subfield code="4">0</subfield>
    <subfield code="6">AVM_HIA_2018_000000000000000_B658_OR</subfield>
    <subfield code="7">0</subfield>
    <subfield code="9">83574</subfield>
    <subfield code="a">LBB</subfield>
    <subfield code="b">LBB</subfield>
    <subfield code="c">B658</subfield>
    <subfield code="d">2020-02-07</subfield>
    <subfield code="o">AVM HIA 2018 B658 Or.</subfield>
    <subfield code="p">A43494</subfield>
    <subfield code="r">2020-02-07</subfield>
    <subfield code="w">2020-02-07</subfield>
    <subfield code="y">AVM</subfield>
  </datafield>
  <datafield tag="952" ind1=" " ind2=" ">
    <subfield code="0">0</subfield>
    <subfield code="1">0</subfield>
    <subfield code="2">ddc</subfield>
    <subfield code="4">0</subfield>
    <subfield code="6">AVM_HIA_2018_000000000000000_B658_OR</subfield>
    <subfield code="7">0</subfield>
    <subfield code="9">83575</subfield>
    <subfield code="a">LBB</subfield>
    <subfield code="b">LBB</subfield>
    <subfield code="c">B658</subfield>
    <subfield code="d">2020-02-07</subfield>
    <subfield code="l">1</subfield>
    <subfield code="o">AVM HIA 2018 B658 Or.</subfield>
    <subfield code="p">A43824</subfield>
    <subfield code="r">2022-02-01</subfield>
    <subfield code="s">2022-01-21</subfield>
    <subfield code="w">2020-02-07</subfield>
    <subfield code="y">AVM</subfield>
  </datafield>
  <datafield tag="952" ind1=" " ind2=" ">
    <subfield code="0">0</subfield>
    <subfield code="1">0</subfield>
    <subfield code="2">ddc</subfield>
    <subfield code="4">0</subfield>
    <subfield code="6">AVM_HIA_2018_000000000000000_B658_OR</subfield>
    <subfield code="7">0</subfield>
    <subfield code="9">83576</subfield>
    <subfield code="a">LBB</subfield>
    <subfield code="b">LBB</subfield>
    <subfield code="c">B658</subfield>
    <subfield code="d">2020-02-07</subfield>
    <subfield code="l">1</subfield>
    <subfield code="o">AVM HIA 2018 B658 Or.</subfield>
    <subfield code="p">A43451</subfield>
    <subfield code="r">2022-05-18</subfield>
    <subfield code="s">2022-02-18</subfield>
    <subfield code="w">2020-02-07</subfield>
    <subfield code="y">AVM</subfield>
  </datafield>
  <datafield tag="952" ind1=" " ind2=" ">
    <subfield code="0">0</subfield>
    <subfield code="1">0</subfield>
    <subfield code="2">ddc</subfield>
    <subfield code="4">0</subfield>
    <subfield code="6">AVM_HIA_2018_000000000000000_B658_OR</subfield>
    <subfield code="7">0</subfield>
    <subfield code="9">83577</subfield>
    <subfield code="a">LBB</subfield>
    <subfield code="b">LBB</subfield>
    <subfield code="c">B658</subfield>
    <subfield code="d">2020-02-07</subfield>
    <subfield code="l">1</subfield>
    <subfield code="o">AVM HIA 2018 B658 Or.</subfield>
    <subfield code="p">A43236</subfield>
    <subfield code="r">2024-03-29</subfield>
    <subfield code="s">2024-03-16</subfield>
    <subfield code="w">2020-02-07</subfield>
    <subfield code="y">AVM</subfield>
  </datafield>
  <datafield tag="952" ind1=" " ind2=" ">
    <subfield code="0">0</subfield>
    <subfield code="1">0</subfield>
    <subfield code="2">ddc</subfield>
    <subfield code="4">0</subfield>
    <subfield code="6">AVM_HIA_2018_000000000000000_B658_OR</subfield>
    <subfield code="7">0</subfield>
    <subfield code="9">83578</subfield>
    <subfield code="a">LBB</subfield>
    <subfield code="b">LBB</subfield>
    <subfield code="c">B658</subfield>
    <subfield code="d">2020-02-07</subfield>
    <subfield code="o">AVM HIA 2018 B658 Or.</subfield>
    <subfield code="p">A43376</subfield>
    <subfield code="r">2020-02-07</subfield>
    <subfield code="w">2020-02-07</subfield>
    <subfield code="y">AVM</subfield>
  </datafield>
</record>
